00361nam a2200145Ia 4500008004100000020001500041041001200056082001600068100001500084245005600099260003100155300000800186650000800194700001300202221030s9999 xx 000 0 und d a8170419220 aEnglish a105.23bPur aV. K. Puri 0aBasic Facts on Electronicscby V. K. Puri, P. Chand bAnmol PubaNew Delhic1994 a204 aECE aP. Chand